00682nam a2200193Ia 4500008004100000100002300041245010600064260001100170300002100181440004800202521001000250650002700260650003800287650003100325650002200356942000700378999001900385952008400404140626s9999 xx 000 0 und d aAckerman, Rakefet. aResponse latency as predictor of the accuracy of children's reports /cRakefet Ackerman ... [et al.]. cc2011. a17 : 4, page 406 aJournal of Experimental Psycholgy : Applied aPSYCH aChildren as witnesses. aConfidence-accuracy relationship. aMetacognitive development. aResponse latency. cSE c121332d121332 001040aCLbCLcPERd2014-06-26l0pS0440r2014-06-26 00:00:00w2014-06-26ySE